| 000 | 00366nam a22001457a 4500 | ||
|---|---|---|---|
| 020 | _a9788126526469 | ||
| 082 |
_a519.62462 _bHIN/PR |
||
| 100 |
_aHines,William.W _9576 |
||
| 100 |
_aMontgomery,Douglas.C _9577 |
||
| 245 | _aProbability And Statistics in Engineering | ||
| 250 | _a4 | ||
| 260 |
_aNew Delhi _bWiley India Pvt.Ltd _c2014 |
||
| 300 | _a655 | ||
| 942 | _cBK | ||
| 999 |
_c14368 _d14368 |
||